000 00914cam a2200325 i 4500
001 a47586
003 DO-SdBNP
005 20180208111217.0
007 a47586
008 100525s1986 sp | |||| 000 f spa
015 _a
017 _a
_b
020 _a8422627388
035 _a
040 _aBPMSU
_bspa
_cBPMSU
_e
080 _a
082 _aM863.6
100 1 _aColette
245 1 0 _aEl trigo en ciernes /
_cColette ; traducido de Ana Agudo.
_h
260 _aMéxico :
_bAlfaguara,
_c1986
300 _a179 p ;
_c21 cm.
490 1 _aOnda joven.; Temas Críticos; Onda joven., Temas Críticos
650 _aNOVELA MEXICANA
650 _aCORRUPCIÓN POLÍTICA
_vNOVELA
700 1 2 _aAgudo, Ana,
_etr.
830 0 _aOnda joven.; Temas Críticos; Onda joven., Temas Críticos
942 _2ddc
_cBK
945 _aInventariado, 2018 /LP
956 _aDGARCIA
_b10
_c20160707
_dBPMSU
_f00069
999 _c10850
_d10850